Equipe de première league - Statistiques

Statistiques générales
  • Ce quiz a été pris 1 508 fois
  • Le résultat moyen est 14 sur 16
Statistiques - réponses
Par images Réponse % Correct
Arsenal
100%
Chelsea
98%
Brighton
97%
aston villa
95%
Everton
94%
Liverpool
93%
Leicester
92%
Manchester city
92%
Manchester United
92%
Burnley
90%
Newcastle
90%
Sheffield
87%
Southampton
87%
Fulham
82%
Leeds
81%
cristal palace
30%
Aucun quiz correspondant
Distribution des résultats
% des personnes avec chaque résultat
Percentile par nombre de réponses
Votre historique - résultats
Vous n’avez pas pris ce quiz